000 00403nam a22001817a 4500
003 MPLRDC
005 20220104124107.0
008 210129b ||||| |||| 00| 0 eng d
082 _a868.71 QL
100 _a悄凌
245 _a鱼欢
_c
250 _a初版
260 _a
_b十方出版社
_c1989
300 _b
490 _a十方文库
650 _a马华文学
942 _cBK
_o868.71 QL
999 _c16597
_d16587